Les 193 députés du NFP - Statistiques

Statistiques générales
  • Ce quiz a été pris 161 fois
    147 depuis la dernière actualisation
  • Le résultat moyen est 52 sur 193
Statistiques - réponses
Département Circonscrition Groupe politique Nom du député % Correct
Val-de-Marne  10e circonscription La France Insoumise - NFP Mathilde Panot
86%
Seine-et-Marne  11e circonscription Socialistes Olivier Faure
84%
Paris  9e circonscription Écologistes & Social Sandrine Rousseau
84%
Yvelines  7e circonscription Socialistes Aurélien Rousseau
82%
Corrèze  1re circonscription Socialistes François Hollande
81%
Bouches-du-Rhône  7e circonscription La France Insoumise - NFP Sébastien Delogu
79%
Seine-Saint-Denis  7e circonscription Écologistes & Social Alexis Corbière
74%
Bouches-du-Rhône  4e circonscription La France Insoumise - NFP Manuel Bompard
74%
Val-de-Marne  3e circonscription La France Insoumise - NFP Louis Boyard
73%
Seine-Saint-Denis  11e circonscription Écologistes & Social Clémentine Autain
71%
La Réunion  4e circonscription Gauche démocrate et républicaine Emeline K/Bidi
70%
Somme  1re circonscription Écologistes & Social François Ruffin
70%
Landes  3e circonscription Socialistes Boris Vallaud
66%
Val-de-Marne  2e circonscription La France Insoumise - NFP Clémence Guetté
64%
Paris  17e circonscription La France Insoumise - NFP Danièle Obono
63%
Puy-de-Dôme  5e circonscription Gauche démocrate et républicaine André Chassaigne
62%
Essonne  10e circonscription La France Insoumise - NFP Antoine Léaument
60%
Nord  8e circonscription La France Insoumise - NFP David Guiraud
58%
Nord  1re circonscription La France Insoumise - NFP Aurélien Le Coq
56%
Isère  2e circonscription Écologistes & Social Cyrielle Chatelain
56%
Paris  6e circonscription La France Insoumise - NFP Sophia Chikirou
56%
Essonne  6e circonscription Socialistes Jérôme Guedj
52%
Paris  18e circonscription La France Insoumise - NFP (app.) Aymeric Caron
49%
Seine-Saint-Denis  1re circonscription La France Insoumise - NFP Éric Coquerel
49%
Vaucluse  1re circonscription La France Insoumise - NFP Raphaël Arnault
48%
Paris  15e circonscription Écologistes & Social Danielle Simonnet
45%
Nord  2e circonscription La France Insoumise - NFP Ugo Bernalicis
45%
Seine-Maritime  4e circonscription La France Insoumise - NFP Alma Dufour
44%
Seine-et-Marne  1re circonscription La France Insoumise - NFP Arnaud Saint-Martin
44%
Hauts-de-Seine  1re circonscription Gauche démocrate et républicaine Elsa Faucillon
44%
Seine-Saint-Denis  10e circonscription La France Insoumise - NFP Nadège Abomangoli
44%
Dordogne  4e circonscription Écologistes & Social Sébastien Peytavie
42%
Isère  3e circonscription La France Insoumise - NFP Élisa Martin
41%
Seine-Saint-Denis  9e circonscription La France Insoumise - NFP Aurélie Trouvé
40%
Paris  16e circonscription La France Insoumise - NFP Sarah Legrain
40%
Haute-Garonne  4e circonscription La France Insoumise - NFP François Piquemal
38%
Haute-Garonne  1re circonscription La France Insoumise - NFP Hadrien Clouet
38%
Seine-Maritime  8e circonscription Gauche démocrate et républicaine Jean-Paul Lecoq
38%
Seine-Saint-Denis  2e circonscription Gauche démocrate et républicaine Stéphane Peu
38%
Eure  4e circonscription Socialistes Philippe Brun
37%
Calvados  2e circonscription Socialistes Arthur Delaporte
36%
Bouches-du-Rhône  5e circonscription Écologistes & Social Hendrik Davi
36%
Loire-Atlantique  2e circonscription La France Insoumise - NFP Andy Kerbrat
34%
Seine-Saint-Denis  8e circonscription Socialistes Fatiha Keloua-Hachi
34%
Pyrénées-Atlantiques  4e circonscription Socialistes Iñaki Echaniz
34%
Seine-Saint-Denis  5e circonscription La France Insoumise - NFP Aly Diouara
33%
Essonne  7e circonscription La France Insoumise - NFP Claire Lejeune
33%
Loire-Atlantique  5e circonscription Socialistes Fabrice Roussel
33%
Seine-Saint-Denis  3e circonscription La France Insoumise - NFP Thomas Portes
33%
Seine-et-Marne  7e circonscription La France Insoumise - NFP Ersilia Soudais
32%
Haute-Garonne  7e circonscription La France Insoumise - NFP Christophe Bex
30%
Haute-Vienne  1re circonscription La France Insoumise - NFP Damien Maudet
30%
Rhône  3e circonscription Écologistes & Social Marie-Charlotte Garin
30%
Val-d'Oise  8e circonscription La France Insoumise - NFP Carlos Martens Bilongo
29%
Deux-Sèvres  2e circonscription Écologistes & Social Delphine Batho
29%
Yvelines  9e circonscription Socialistes Dieynaba Diop
29%
Paris  7e circonscription Socialistes Emmanuel Grégoire
29%
Gironde  3e circonscription La France Insoumise - NFP Loïc Prud'homme
29%
Drôme  3e circonscription Écologistes & Social Marie Pochon
29%
Val-d'Oise  5e circonscription La France Insoumise - NFP Paul Vannier
29%
Finistère  2e circonscription La France Insoumise - NFP Pierre-Yves Cadalen
29%
Bas-Rhin  1re circonscription Écologistes & Social Sandra Regol
29%
Val-de-Marne  11e circonscription Écologistes & Social Sophie Taillé-Polian
29%
Hauts-de-Seine  11e circonscription La France Insoumise - NFP Aurélien Saintoul
27%
Paris  11e circonscription Socialistes Céline Hervieu
27%
Doubs  2e circonscription Écologistes & Social Dominique Voynet
27%
Cher  2e circonscription Gauche démocrate et républicaine Nicolas Sansu
27%
Yvelines  8e circonscription Écologistes & Social Benjamin Lucas-Lundy
26%
Côte-d'Or  2e circonscription Écologistes & Social Catherine Hervieu
26%
Paris  8e circonscription Écologistes & Social Éva Sas
26%
Essonne  1re circonscription La France Insoumise - NFP Farida Amrani
26%
Ille-et-Vilaine  4e circonscription La France Insoumise - NFP Mathilde Hignet
26%
Pyrénées-Atlantiques  6e circonscription Socialistes (app.) Peio Dufau
26%
Isère  1re circonscription La France Insoumise - NFP puis Non-inscrit Hugo Prevost
25%
Aveyron 2e circonscription La France Insoumise - NFP Laurent Alexandre
25%
Paris  3e circonscription Écologistes & Social Léa Balage El Mariky
25%
Ille-et-Vilaine  1re circonscription La France Insoumise - NFP Marie Mesmeur
25%
Loire-Atlantique  8e circonscription La France Insoumise - NFP Matthias Tavel
25%
Charente  1re circonscription La France Insoumise - NFP René Pilato
25%
Haute-Garonne  2e circonscription La France Insoumise - NFP Anne Stambach-Terrenoir
23%
Sarthe  4e circonscription La France Insoumise - NFP Élise Leboucher
23%
Nouvelle-Calédonie  2e circonscription Gauche démocrate et républicaine Emmanuel Tjibaou
23%
Bas-Rhin  2e circonscription La France Insoumise - NFP Emmanuel Fernandes
22%
Isère  5e circonscription Écologistes & Social Jérémie Iordanoff
22%
Puy-de-Dôme  1re circonscription La France Insoumise - NFP Marianne Maximi
22%
Finistère  6e circonscription Socialistes Mélanie Thomin
22%
Hérault  2e circonscription La France Insoumise - NFP Nathalie Oziol
22%
Paris  10e circonscription La France Insoumise - NFP Rodrigo Arenas
22%
Loire-Atlantique  3e circonscription La France Insoumise - NFP Ségolène Amiot
22%
Hautes-Alpes  2e circonscription Socialistes Valérie Rossi
22%
Loire  2e circonscription La France Insoumise - NFP Andrée Taurinya
21%
Manche  4e circonscription Socialistes Anna Pic
21%
Val-d'Oise  10e circonscription La France Insoumise - NFP Aurélien Taché
21%
Loiret  2e circonscription Écologistes & Social Emmanuel Duplessy
21%
Rhône  6e circonscription La France Insoumise - NFP Gabriel Amard
21%
Val-d'Oise  6e circonscription La France Insoumise - NFP Gabrielle Cathala
21%
Ardèche 1re circonscription Socialistes Hervé Saulignac
21%
Savoie  4e circonscription La France Insoumise - NFP Jean-François Coulomme
21%
Bouches-du-Rhône  11e circonscription Socialistes Marc Pena
21%
Seine-Saint-Denis  4e circonscription Gauche démocrate et républicaine Soumya Bourouaha
21%
Allier 1re circonscription Gauche démocrate et républicaine Yannick Monnet
21%
Essonne  8e circonscription La France Insoumise - NFP Bérenger Cernon
19%
Orne  1re circonscription Socialistes Chantal Jourdan
19%
Ille-et-Vilaine  3e circonscription Socialistes Claudia Rouaux
19%
Meurthe-et-Moselle  5e circonscription Socialistes Dominique Potier
19%
La Réunion  5e circonscription La France Insoumise - NFP Jean-Hugues Ratenon
19%
Paris  5e circonscription Écologistes & Social Pouria Amirshahi
19%
Val-d'Oise  7e circonscription Socialistes Romain Eskenazi
19%
Gironde  4e circonscription Socialistes Alain David
18%
Val-d'Oise  2e circonscription Socialistes Ayda Hadizadeh
18%
Seine-Saint-Denis  6e circonscription La France Insoumise - NFP Bastien Lachaud
18%
Puy-de-Dôme  2e circonscription Socialistes Christine Pirès-Beaune
18%
La Réunion  6e circonscription Gauche démocrate et républicaine Frédéric Maillot
18%
Seine-Maritime  5e circonscription Socialistes Gérard Leseul
18%
Val-de-Marne  9e circonscription Socialistes Isabelle Santiago
18%
Guyane  1re circonscription Gauche démocrate et républicaine Jean-Victor Castor
18%
Seine-Saint-Denis  12e circonscription La France Insoumise - NFP Jérôme Legavre
18%
La Réunion  2e circonscription Gauche démocrate et républicaine Karine Lebon
18%
Haute-Vienne  3e circonscription La France Insoumise - NFP Manon Meunier
18%
Hautes-Alpes  1re circonscription Socialistes Marie-José Allemand
18%
Côtes-d'Armor  4e circonscription La France Insoumise - NFP Murielle Lepvraud
18%
Gironde  2e circonscription Écologistes & Social Nicolas Thierry
18%
Gironde  5e circonscription Socialistes Pascale Got
18%
Drôme  1re circonscription Socialistes Paul Christophle
18%
Lozère  1re circonscription Socialistes Sophie Pantel
18%
Charente-Maritime  2e circonscription Écologistes & Social Benoît Biteau
16%
Seine-Maritime  3e circonscription Gauche démocrate et républicaine Édouard Bénard
16%
Meurthe-et-Moselle  1re circonscription Socialistes Estelle Mercier
16%
Rhône  14e circonscription La France Insoumise - NFP Idir Boumertit
16%
Martinique  4e circonscription La France Insoumise - NFP Jean-Philippe Nilor
16%
Haute-Garonne  8e circonscription Socialistes Joël Aviragnet
16%
Ille-et-Vilaine  8e circonscription Socialistes Mickaël Bouloux
16%
Hauts-de-Seine  4e circonscription Écologistes & Social Sabrina Sebaihi
16%
Haute-Vienne  2e circonscription Socialistes Stéphane Delautrette
16%
Hautes-Pyrénées  1re circonscription La France Insoumise - NFP Sylvie Ferrer
16%
Indre-et-Loire  1re circonscription Écologistes & Social Charles Fournier
15%
Haute-Garonne  9e circonscription Écologistes & Social Christine Arrighi
15%
Pyrénées-Atlantiques  5e circonscription Socialistes Colette Capdevielle
15%
Mayenne  1re circonscription Socialistes Guillaume Garot
15%
Nord  13e circonscription Socialistes Julien Gokel
15%
Français établis Hors de France  9e circonscription Écologistes & Social Karim Ben Cheïkh
15%
Seine-et-Marne  10e circonscription La France Insoumise - NFP Maxime Laisney
15%
Côte-d'Or  1re circonscription Socialistes Océane Godard
15%
Hérault  8e circonscription La France Insoumise - NFP Sylvain Carrière
15%
Bas-Rhin  3e circonscription Socialistes Thierry Sother
15%
Somme  2e circonscription La France Insoumise - NFP Zahia Hamdane
15%
Rhône  7e circonscription La France Insoumise - NFP Abdelkader Lahmar
14%
Seine-et-Marne  8e circonscription Écologistes & Social Arnaud Bonnet
14%
Val-d'Oise  9e circonscription La France Insoumise - NFP Arnaud Le Gall
14%
Martinique  3e circonscription Socialistes Béatrice Bellay
14%
Seine-et-Marne  9e circonscription Socialistes Céline Thiébault-Martinez
14%
Morbihan  5e circonscription Écologistes & Social Damien Girard
14%
Val d'Oise  3e circonscription Gauche démocrate et républicaine Emmanuel Maurel
14%
Loire-Atlantique  4e circonscription Écologistes & Social Julie Laernoes
14%
Tarn  2e circonscription La France Insoumise - NFP Karen Erodi
14%
Loire-Atlantique  1re circonscription Socialistes Karim Benbrahim
14%
Indre-et-Loire  4e circonscription Socialistes Laurent Baumel
14%
Vienne  1re circonscription Écologistes & Social Lisa Belluco
14%
Isère  4e circonscription Socialistes Marie-Noëlle Battistel
14%
Sarthe  2e circonscription Socialistes Marietta Karamanli
14%
Gironde  12e circonscription La France Insoumise - NFP Mathilde Feld
14%
Puy-de-Dôme  3e circonscription Écologistes & Social Nicolas Bonnet
14%
La Réunion  7e circonscription La France Insoumise - NFP Perceval Gaillard
14%
Nord  11e circonscription Socialistes Roger Vicot
14%
Rhône  1re circonscription La France Insoumise - NFP Anaïs Belouassa-Cherifi
12%
Guadeloupe  2e circonscription Socialistes (app.) Christian Baptiste
12%
Guyane  2e circonscription Gauche démocrate et républicaine Davy Rimane
12%
Hautes-Pyrénées  2e circonscription Socialistes Denis Fégné
12%
Guadeloupe  4e circonscription Socialistes (app.) Élie Califer
12%
Loire-Atlantique  6e circonscription Écologistes & Social Jean-Claude Raux
12%
Hérault  1re circonscription Écologistes & Social Jean-Louis Roumégas
12%
Bouches-du-Rhône  2e circonscription Socialistes Laurent Lhardit
12%
Côte-d'Or  3e circonscription Socialistes Pierre Pribetich
12%
Rhône  4e circonscription Socialistes Sandrine Runel
12%
Rhône  2e circonscription Écologistes & Social Boris Tavernier
11%
Charente-Maritime  3e circonscription Socialistes Fabrice Barusseau
11%
Martinique  1re circonscription Socialistes (app.) Jiovanny William
11%
Essonne  9e circonscription Écologistes & Social Julie Ozenne
11%
Gironde  6e circonscription Socialistes Marie Récalde
11%
Polynésie française  3e circonscription Gauche démocrate et républicaine Mereana Reid Arbelot
11%
Loire  1re circonscription Socialistes Pierrick Courbon
11%
Meurthe-et-Moselle  2e circonscription Socialistes Stéphane Hablot
11%
Ille-et-Vilaine  2e circonscription Écologistes & Social Tristan Lahais
11%
Seine-Maritime  1re circonscription Socialistes Florence Hérouin-Léautey
10%
La Réunion  1re circonscription Socialistes Philippe Naillet
10%
Isère  9e circonscription La France Insoumise - NFP Sandrine Nosbé
10%
Gironde  7e circonscription Socialistes Sébastien Saint-Pasteur
10%
Haute-Garonne  6e circonscription Socialistes Arnaud Simion
8%
Lot  2e circonscription Socialistes Christophe Proença
8%
Hérault  3e circonscription Socialistes Fanny Dombre-Coste
8%
Haute-Garonne  10e circonscription Socialistes Jacques Oberti
8%
Essonne  3e circonscription Écologistes & Social Steevy Gustave
8%
Martinique  2e circonscription Gauche démocrate et républicaine Marcellin Nadeau
5%
Aucun quiz correspondant
Distribution des résultats
% des personnes avec chaque résultat
Percentile par nombre de réponses
Votre historique - résultats
Vous n’avez pas pris ce quiz depuis la dernière actualisation